| 000 | 00588nam a22002052 4500 | ||
|---|---|---|---|
| 001 | 0000023566 | ||
| 005 | 20151217152244.0 | ||
| 008 | 130228s xx 000 0 eng d | ||
| 020 | _a0813815879 : | ||
| 040 |
_aKABU _cKABU |
||
| 100 | 1 |
_aBhujel, Ram C. _@0000183035 |
|
| 245 | 1 | 0 |
_aStatistics for aquaculture / _cRam C. Bhujel. |
| 250 | _a1st ed. | ||
| 260 |
_aThailand : _bWiley - Blackwell, _c2008. |
||
| 300 | _axiv, 222 p. | ||
| 650 | 0 |
_aAquaculture _xStatistics. _@0000183036 |
|
| 852 | 1 | _9p8125 KES | |
| 908 | _a130228 | ||
| 950 | _@1 | ||
| 999 |
_c9868 _d9868 |
||